| 000 | 00683nam a2200217Ia 4500 | ||
|---|---|---|---|
| 008 | 191130s1998##################000#0#eng## | ||
| 020 | _a9780863779725 | ||
| 040 |
_aACL _cACL |
||
| 082 | _a158.7 HER | ||
| 245 |
_aExpertise at work: a special issue of the European journal of work and organizational psychology _ceditor Peter Herriot |
||
| 260 |
_aAmsterdam, Boston _bPsychology Press _c1998 |
||
| 300 | _a592 ; 23 cm | ||
| 500 | _aIncludes bibliographical references | ||
| 650 | _aAchievement motivation | ||
| 650 | _aExpertise | ||
| 650 | _aPerformance | ||
| 700 | _aHerriot, Peter | ||
| 990 | _a08d5ec3eac10000c4a80cc5c2e3b625f | ||
| 991 | _a392376 | ||
| 999 |
_c261770 _d261770 |
||